000 02645nam a2200241Ia 4500
003 Ost
005 20260507075716.0
008 260507s9999||||xx |||||||||||||| ||und||
020 _a9789931248576
040 _cfsecg
041 _aara
082 _a657.8
100 _aزبيري، عز الدين
_eمؤلف
245 0 _aالمحاسبة القطاعية :
_bقطاع التأمينات-القطاع الفلاحي-قطاع البناء /
_c عز الدين زبيري
260 _aالجزائر:
_bدار الباحث للطباعة والنشر والتوزيع,
_c2023
300 _a163 صفحة؛
_bإيضاحات ؛
_c24 سم
504 _aالمراجع ص.157
520 _aيهدف هذا الكتاب إلى تسليط الضوء على جوانب المحاسبة الخاصة بقطاعات التأمين، الزراعة والبناء، وهي القطاعات التي حددتها اللجنة الوطنية المتخصصة في ضبط التخصصات والمقاييس لتكون محورًا لمقرر المحاسبة القطاعية الموجه لطلبة الماجستير في مختلف تخصصات المحاسبة.تم تقسيم الكتاب إلى ثلاثة أقسام رئيسية تتوافق مع هذه القطاعات، حيث سيتم تناول كل قطاع على حدة مع التركيز على: المميزات الخاصة بكل قطاع سنستعرض الخصائص الفريدة لكل قطاع وما يميزه عن غيره من القطاعات الأخرى. المعايير الدولية المحاسبية: سنناقش المعايير الدولية التي تنطبق على كل قطاع وكيفية تطبيقها في الواقع العملي. المعالجة المحاسبية للأنشطة الاستثمارية: سنشرح الطرق المحاسبية الصحيحة لمعالجة الأنشطة الاستثمارية التي تقوم بها الشركات العاملة في هذه القطاعات. وسيتم دعم كل هذا الشرح النظري بأمثلة وحالات عملية لتسهيل فهم الطلاب وتطبيقهم للمعرفة المكتسبة.نأمل أن يكون هذا الكتاب مرجعًا مفيدًا لجميع طلاب الماجستير في تخصصات المحاسبة، وأن يساهم في تطوير مهاراتهم في مجال المحاسبة القطاعية.
653 _aالمحاسبة القطاعية - البناء
653 _aالمحاسبة القطاعية - التأمينات
653 _aالمحاسبة القطاعية - الفلاحة
942 _cكتاب
999 _c45919
_d45919